| 000 | 00611nam a22002177a 4500 | ||
|---|---|---|---|
| 003 | OSt | ||
| 005 | 20140310181929.0 | ||
| 008 | 130722t xxu||||| |||| 00| 0 eng d | ||
| 020 | _a0439387825 | ||
| 050 |
_aLB 1573.39 _b.R631 2003 |
||
| 082 |
_aTRE 372.4 _bR53 2003 |
||
| 100 |
_aRobb, Anina _92573 |
||
| 245 |
_a40 Graphic organizers that build comprehension during independent reading / _cAnina Robb |
||
| 260 |
_aNew York : _bScholastic, _cc2003. |
||
| 300 |
_a80 p. _bill. ; _c27 cm. |
||
| 521 | _aFaculty | ||
| 541 | _j1 | ||
| 562 | _e1 | ||
| 650 |
_aReading _9902 |
||
| 942 |
_2lcc _cBK-TR _kTRE |
||
| 999 |
_c7279 _d7279 |
||